00963nas a2200277Ia 4500001001600000003001000016008004100026040002500067041001300092100001900105210002400124222002400148245002800172250001100200260000900211501012300220300001200343362003300355500003100388650003100419700001100450942000700461957000600468999003300474952017800507A50/R174-52462 IT-MiCISF161014c99999999xx |||||||||||| ||und|| aIT-MiCISFcIT-MiCISF aITALIANO aGriffini Marco aCronache e opinioni aCronache e opinioni 0a2300 bambini adattabili a1a ed. c2013 bCISF - Centro Internazionale Studi Famiglia - Via Giotto, 36 20145 MILANO (non commercial uses only)cCopyright 2016 app. 4-5 an. 7-8, luglio-agosto [2013] a Tema: adozione, società aADOZIONE, AFFIDOvarticolo aAA.VV. cCR 71 a52462bSig1c246389d246389 0010406A_50_000000000000000_R1745246271aCISFbCISFd2016-10-14l0oA50/R174-52462 r2016-10-14 00:00:00w2016-10-14yCRzData import 15.10.2016 / by Epidotti, Vaglietti